| 000 | 00829nam a2200229 i 4500 | ||
|---|---|---|---|
| 001 | 185735 | ||
| 003 | ES-MaACL | ||
| 005 | 20250910063132.0 | ||
| 008 | 160804s1987 sp f |||| | spa d | ||
| 020 | _a84-7232-411-7 | ||
| 080 | _a355.351(8=60)"17" | ||
| 100 | 1 |
_aAlbi de la Cuesta, Julio, _d1948- _9160337 |
|
| 245 | 1 | 3 |
_aLa defensa de las Indias _b: (1764-1799) / _cJulio Albi. |
| 260 |
_aMadrid : _bInstituto de Cooperación Iberoamericana, Cultura Hispánica, _c[1987] |
||
| 300 |
_a253 p., [8] de lám. col. ; _c23 cm. |
||
| 504 | _aBibliografía: p. 247-252. | ||
| 650 | 4 |
_aFuerzas armadas coloniales- _zEspaña. _9160338 |
|
| 651 | 4 |
_aAmérica española- _xHistoria militar. _9160339 |
|
| 710 | 2 |
_aInstituto de Cooperación Iberoamericana. _94848 |
|
| 852 |
_aES-MaACL _jL-30517 |
||
| 999 |
_c185735 _d185735 |
||